Digital Hallucination (The Amazing Digital Circus) - Statistics

General Stats
  • This quiz has been taken 13 times
  • The average score is 229 of 338
Answer Stats
Hint Answer % Correct
A
83%
Pomni A,
83%
An
83%
B,
83%
But
83%
C,
83%
D,
83%
Here,
83%
Here
83%
Here...
83%
Pomni I
83%
Is
83%
On
83%
That
83%
Can
75%
Day,
75%
Day
75%
Exit
75%
Find
75%
Pomni I'm
75%
In
75%
It
75%
Just
75%
Like
75%
My
75%
Myself
75%
Pomni One,
75%
Out,
75%
Out
75%
Stuck
75%
The
75%
To
75%
Caine | Jax | Kinger You
75%
Your
75%
You're
75%
After
67%
And
67%
Anymore,
67%
Be
67%
Can't
67%
Digital
67%
Di-gi-tal
67%
Door ?
67%
Door
67%
Every
67%
Fixation,
67%
Fixation ?
67%
Ghost
67%
Gracious
67%
Hallucination
67%
Ha-llu-ci-na-tion
67%
Have
67%
Host
67%
If
67%
Imagination,
67%
Inside
67%
It's
67%
Its
67%
Look
67%
Lose
67%
Lucky
67%
Me
67%
Of
67%
Seen
67%
Some
67%
Such
67%
Take
67%
Tell
67%
Three,
67%
Try
67%
Two,
67%
Way
67%
What
67%
You'll
67%
You've
67%
All"
58%
Counting
58%
Don't
58%
Dreaming
58%
Four,
58%
Get
58%
Going
58%
Help
58%
Insane,
58%
Know
58%
Left
58%
Must
58%
Name,
58%
Sanity
58%
"Save
58%
Scared
58%
Scheming
58%
Think
58%
Us
58%
Wall,
58%
Writing
58%
X,
58%
Away ?
50%
Dead
50%
Fear
50%
Nothing
50%
Or
50%
There's
50%
This
50%
Tragic
50%
What's
50%
Zooble When
50%
Been
42%
Believe
42%
Call
42%
Characters
42%
Circus
42%
Family
42%
Five,
42%
Hoax,
42%
Ragatha It'll
42%
I've
42%
Jokes
42%
Lost
42%
Magic
42%
Might
42%
(Oh-oh-oh-oh-oh-oh-oh)
42%
Okay
42%
Seven,
42%
Six,
42%
Someone
42%
Time
42%
Vowels
42%
Colored
33%
Eight,
33%
(Oh-oh-oh-oh-oh-oh-oh)
33%
Own
33%
Want
33%
World
33%
Consonants
25%
Says :
17%
Amalgamation,
8%
(Oh-oh-oh-oh-oh-oh-oh)
0%
No matching quizzes found
Score Distribution
Percent of People with Each Score
Percentile by Number Answered
Your Score History
You have not taken this quiz